[Event "SLO-chT1 West 29th"]
[White "Kralj, Samo"]
[Black "Ursic, Mateja"]
[Site "Slovenia"]
[Round "1.4"]
[Result "1-0"]
[Date "2019.09.20"]
[WhiteElo "2005"]
[BlackElo "1978"]
[PlyCount "63"]
[EventDate "2019.09.20"]
[EventType "team-tourn"]
[EventRounds "9"]
[EventCountry "SLO"]
[SourceTitle "CBM 192 Extra"]
[Source "Chessbase"]
[SourceDate "2019.11.06"]
[SourceVersion "1"]
[SourceVersionDate "2019.11.06"]
[SourceQuality "1"]
[WhiteTeam "Komenda"]
[BlackTeam "Posocje"]
[WhiteTeamCountry "SLO"]
[BlackTeamCountry "SLO"]

1. e4 e5 2. Nf3 Nc6 3. Bc4 Nf6 4. d3 Bc5 5. c3 d6 6. h3 a6 7. Bb3 Ba7 8. Bg5 Be6 9. Bc2 h6 10. Bh4 Ne7 11. d4 Ng6 12. Bg3 exd4 13. cxd4 0-0 14. Nc3 Nh5 15. Ne2 Nxg3 16. Nxg3 Nf4 17. 0-0 Qf6 18. e5 dxe5 19. dxe5 Qe7 20. Qd2 Nd5 21. Nd4 Rad8 22. Qd3 g6 23. Nxe6 Qxe6 24. Qe4 Rfe8 25. Rae1 Qb6 26. Bb3 c6 27. Qh4 Kg7 28. Kh1 Qd4 29. Re4 Qxb2 30. f4 Ne3 31. Qf6+ Kg8 32. Bxf7+ 1-0

[Event "SLO-chT2 West"]
[White "Ursic, Mateja"]
[Black "Siraj, Svit"]
[Site "Komenda"]
[Round "5.4"]
[Result "1-0"]
[Date "2018.11.24"]
[WhiteElo "1985"]
[BlackElo "1713"]
[PlyCount "101"]
[EventDate "2018.11.10"]
[EventType "team-tourn"]
[EventRounds "7"]
[EventCountry "SLO"]
[SourceTitle "EXT 2020"]
[Source "ChessBase"]
[SourceDate "2019.10.17"]
[SourceVersion "1"]
[SourceVersionDate "2019.10.17"]
[SourceQuality "1"]
[WhiteTeam "Posocje"]
[BlackTeam "Vrhnika II"]
[WhiteTeamCountry "SLO"]
[BlackTeamCountry "SLO"]

1. e4 c5 2. Nc3 d6 3. f4 Nc6 4. Bb5 Bd7 5. Bxc6 Bxc6 6. Nf3 g6 7. d3 Bg7 8. 0-0 e6 9. Qe1 Ne7 10. f5 exf5 11. exf5 0-0 12. fxg6 fxg6 13. Bg5 Bf6 14. Bh6 Bg7 15. Bg5 Bf6 16. Ne4 Bxg5 17. Nexg5 Qd7 18. Qe6+ Qxe6 19. Nxe6 Rf6 20. Nfg5 Rxf1+ 21. Rxf1 h6 22. Nf7 Nf5 23. Nfd8 Bd7 24. g4 Bxe6 25. Nxe6 Ne3 26. Rf6 Nxg4 27. Rxg6+ Kf7 28. Rxg4 Kxe6 29. Rg6+ Ke5 30. Rxh6 Rg8+ 31. Kf2 Rg7 32. h4 d5 33. h5 Kf5 34. c3 b6 35. Rh8 Kg5 36. Rd8 Kxh5 37. Rxd5+ Kg6 38. d4 cxd4 39. cxd4 Rc7 40. Ke3 Rc2 41. Rb5 Kf6 42. Kd3 Rc1 43. Re5 Rd1+ 44. Kc4 Rd2 45. Kc3 Rd1 46. a4 Ra1 47. Kb4 Rb1 48. b3 a5+ 49. Kc4 Rc1+ 50. Kd5 Rc3 51. Re6+ 1-0

[Event "SLO-ch (Women) 28th"]
[White "Ursic, Mateja"]
[Black "Kaps, Darja"]
[Site "Ljubljana"]
[Round "5"]
[Result "1/2-1/2"]
[Date "2018.04.30"]
[WhiteElo "2048"]
[BlackElo "2154"]
[PlyCount "67"]
[EventDate "2018.04.27"]
[EventType "tourn"]
[EventRounds "9"]
[EventCountry "SLO"]
[SourceTitle "CBM 184 Extra"]
[Source "ChessBase"]
[SourceDate "2018.06.28"]
[SourceVersion "1"]
[SourceVersionDate "2018.06.28"]
[SourceQuality "1"]

1. e4 d5 2. exd5 Qxd5 3. d4 Nf6 4. Nf3 c6 5. c4 Qa5+ 6. Nc3 Ne4 7. Qc2 Bf5 8. Bd3 Nxc3 9. Bd2 Bxd3 10. Qxd3 e6 11. Bxc3 Bb4 12. 0-0 Bxc3 13. bxc3 Nd7 14. Rfe1 0-0-0 15. Qc2 h5 16. c5 h4 17. Ng5 Rdf8 18. Ne4 Nf6 19. Nd6+ Kc7 20. Reb1 b6 21. Nc4 Qa6 22. cxb6+ axb6 23. Nxb6 Rb8 24. Na4 Rxb1+ 25. Rxb1 Ra8 26. Nc5 Qxa2 27. Rb7+ Kd8 28. Qxa2 Rxa2 29. h3 Ke8 30. Rb8+ Ke7 31. Rb7+ Kf8 32. Rb8+ Ke7 33. Rb7+ Kf8 34. Rb8+ 1/2-1/2

[Event "SLO-ch (Women) 28th"]
[White "Hrescak, Ivana"]
[Black "Ursic, Mateja"]
[Site "Ljubljana"]
[Round "2"]
[Result "1-0"]
[Date "2018.04.28"]
[WhiteElo "2076"]
[BlackElo "2048"]
[PlyCount "83"]
[EventDate "2018.04.27"]
[EventType "tourn"]
[EventRounds "9"]
[EventCountry "SLO"]
[SourceTitle "CBM 184 Extra"]
[Source "ChessBase"]
[SourceDate "2018.06.28"]
[SourceVersion "1"]
[SourceVersionDate "2018.06.28"]
[SourceQuality "1"]

1. d4 c5 2. d5 e5 3. e4 d6 4. Bb5+ Nd7 5. a4 Ngf6 6. Nc3 Be7 7. Nf3 0-0 8. 0-0 Ne8 9. Nd2 g6 10. a5 a6 11. Bxd7 Bxd7 12. Nc4 f5 13. exf5 gxf5 14. f4 e4 15. g4 Bf6 16. Ne3 Bd4 17. Kh1 Qh4 18. g5 Nc7 19. Ng2 Qh3 20. Ra3 Qg4 21. Qxg4 fxg4 22. Nxe4 Nb5 23. Rg3 Bf5 24. Nf2 Bxc2 25. Nxg4 Kg7 26. h4 Rae8 27. h5 Re2 28. Nh6 Be4 29. f5 Be5 30. f6+ Kh8 31. Rg4 Bxd5 32. Bf4 Bxb2 33. Rg3 c4 34. Nf5 c3 35. Ne7 Be4 36. g6 hxg6 37. hxg6 Bxg2+ 38. Rxg2 Rxg2 39. Kxg2 Rxf6 40. Rh1+ Kg7 41. Bh6+ Kh8 42. Bf8# 1-0

[Event "SLO-ch (Women) 28th"]
[White "Ursic, Mateja"]
[Black "Hercog, Nusa"]
[Site "Ljubljana"]
[Round "3"]
[Result "1/2-1/2"]
[Date "2018.04.28"]
[WhiteElo "2048"]
[BlackElo "2023"]
[PlyCount "65"]
[EventDate "2018.04.27"]
[EventType "tourn"]
[EventRounds "9"]
[EventCountry "SLO"]
[SourceTitle "CBM 184 Extra"]
[Source "ChessBase"]
[SourceDate "2018.06.28"]
[SourceVersion "1"]
[SourceVersionDate "2018.06.28"]
[SourceQuality "1"]

1. e4 c5 2. Nc3 Nc6 3. Bb5 Nd4 4. Bc4 e6 5. Nge2 Nf6 6. 0-0 a6 7. a4 d5 8. exd5 exd5 9. Ba2 Bd6 10. Ng3 0-0 11. d3 h6 12. h3 Be6 13. Nce2 Nxe2+ 14. Qxe2 b5 15. c3 Nd7 16. d4 cxd4 17. cxd4 Qh4 18. Qd3 g6 19. Re1 Kg7 20. Bb1 Rfe8 21. Bd2 b4 22. Bc2 a5 23. Re2 Nf8 24. Rae1 Rac8 25. Bb3 Red8 26. Rf1 f5 27. Rfe1 Qf6 28. f4 Bb8 29. Nf1 Ba7 30. Re5 Bb8 31. R5e2 Ba7 32. Re5 Bb8 33. R5e2 1/2-1/2

[Event "Nova Gorica op 23rd"]
[White "Dobrovoljc, Vid"]
[Black "Ursic, Mateja"]
[Site "Nova Gorica"]
[Round "2"]
[Result "1-0"]
[Date "2018.01.27"]
[WhiteElo "2286"]
[BlackElo "2039"]
[PlyCount "49"]
[EventDate "2018.01.26"]
[EventType "swiss"]
[EventRounds "9"]
[EventCountry "SLO"]
[SourceTitle "CBM 182 Extra"]
[Source "ChessBase"]
[SourceDate "2018.02.23"]
[SourceVersion "1"]
[SourceVersionDate "2018.02.23"]
[SourceQuality "1"]

1. d4 c5 2. d5 e5 3. Nc3 d6 4. e4 Nf6 5. Nf3 Be7 6. Bb5+ Nbd7 7. a4 0-0 8. Nd2 g6 9. Bd3 Ne8 10. Nc4 Bg5 11. h4 Bxc1 12. Qxc1 Ndf6 13. Be2 h5 14. Qd2 Rb8 15. g3 Qe7 16. Qg5 b5 17. axb5 Rb7 18. Na5 Rc7 19. Nc6 Qd7 20. Ra3 Kg7 21. Kd2 a6 22. Nb8 Qd8 23. Nc6 Qd7 24. bxa6 Rxc6 25. Bb5 1-0

[Event "Ljubljana-chT 69th Superliga"]
[White "Solmajer, Luka"]
[Black "Ursic, Mateja"]
[Site "Ljubljana"]
[Round "1.3"]
[Result "0-1"]
[Date "2016.01.14"]
[WhiteElo "2048"]
[BlackElo "2011"]
[PlyCount "50"]
[EventDate "2016.01.14"]
[EventType "team-tourn"]
[EventRounds "9"]
[EventCountry "SLO"]
[SourceTitle "EXT 2022"]
[Source "ChessBase"]
[SourceDate "2021.10.06"]
[SourceVersion "1"]
[SourceVersionDate "2021.10.06"]
[SourceQuality "1"]
[WhiteTeam "Klinicni Center"]
[BlackTeam "Crni Vitezi"]
[WhiteTeamCountry "SLO"]
[BlackTeamCountry "SLO"]

1. d4 c5 2. d5 e5 3. e4 d6 4. Nc3 Nf6 5. Bd3 Be7 6. Nge2 0-0 7. 0-0 Ne8 8. Ng3 Bg5 9. Qh5 Bxc1 10. Raxc1 Nd7 11. f4 Nef6 12. Qh4 exf4 13. Rxf4 Ne5 14. Nh5 Nxh5 15. Qxh5 Qb6 16. Kh1 Qxb2 17. Ne2 c4 18. Bxc4 Nxc4 19. Rcf1 g6 20. Qg5 Qe5 21. Qh6 Bd7 22. Rh4 Qg7 23. Qg5 Rae8 24. Rf6 Re5 25. Qf4 g5 0-1

[Event "Ljubljana-chT 68th Superliga"]
[White "Ursic, Mateja"]
[Black "Semrl, Marjan"]
[Site "Ljubljana"]
[Round "7.3"]
[Result "1/2-1/2"]
[Date "2015.03.05"]
[WhiteElo "2007"]
[BlackElo "2121"]
[PlyCount "28"]
[EventDate "2015.01.08"]
[EventType "team-tourn"]
[EventRounds "9"]
[EventCountry "SLO"]
[SourceTitle "EXT 2022"]
[Source "ChessBase"]
[SourceDate "2021.10.06"]
[SourceVersion "1"]
[SourceVersionDate "2021.10.06"]
[SourceQuality "1"]
[WhiteTeam "Crni Vitezi"]
[BlackTeam "Domzale SD"]
[WhiteTeamCountry "SLO"]
[BlackTeamCountry "SLO"]

1. e4 e5 2. Nf3 Nf6 3. Nc3 Nc6 4. d4 exd4 5. Nxd4 Bb4 6. Nxc6 bxc6 7. Bd3 d5 8. exd5 cxd5 9. 0-0 c6 10. Re1+ Be7 11. Bg5 0-0 12. Ne2 Ng4 13. Bxe7 Qxe7 14. h3 Nh6 1/2-1/2

[Event "Ljubljana-chT 68th Superliga"]
[White "Zupec, Jan"]
[Black "Ursic, Mateja"]
[Site "Ljubljana"]
[Round "4.3"]
[Result "0-1"]
[Date "2015.01.29"]
[WhiteElo "2007"]
[BlackElo "2007"]
[PlyCount "66"]
[EventDate "2015.01.08"]
[EventType "team-tourn"]
[EventRounds "9"]
[EventCountry "SLO"]
[SourceTitle "EXT 2022"]
[Source "ChessBase"]
[SourceDate "2021.10.06"]
[SourceVersion "1"]
[SourceVersionDate "2021.10.06"]
[SourceQuality "1"]
[WhiteTeam "Ig"]
[BlackTeam "Crni Vitezi"]
[WhiteTeamCountry "SLO"]
[BlackTeamCountry "SLO"]

1. d4 c5 2. c3 e6 3. Nf3 Nf6 4. Bg5 d5 5. e3 Nc6 6. Nbd2 Be7 7. Bd3 0-0 8. 0-0 b6 9. Qe2 Bb7 10. Ne1 e5 11. dxe5 Nxe5 12. Ba6 Bc6 13. Nef3 Ng6 14. Bd3 h6 15. Bxg6 fxg6 16. Ne5 Bb7 17. Nxg6 hxg5 18. Nxf8 Qxf8 19. Rfd1 Bd6 20. Nf1 Re8 21. Ng3 g6 22. a4 a5 23. Nf1 Qe7 24. Qd3 Kg7 25. Qb5 Bc7 26. Rab1 Ne4 27. c4 Nd6 28. Qb3 Nxc4 29. e4 Qf7 30. exd5 Bxd5 31. Qh3 Re2 32. f3 Be6 33. g4 Ne5 0-1

[Event "SLO-chT Central Superliga 15th"]
[White "Ursic, Mateja"]
[Black "Skok, Boris"]
[Site "Slovenia"]
[Round "5.3"]
[Result "0-1"]
[Date "2014.10.09"]
[WhiteElo "2034"]
[BlackElo "1991"]
[PlyCount "60"]
[EventDate "2014.09.11"]
[EventType "team-tourn"]
[EventRounds "9"]
[EventCountry "SLO"]
[SourceTitle "EXT 2022"]
[Source "ChessBase"]
[SourceDate "2021.10.06"]
[SourceVersion "1"]
[SourceVersionDate "2021.10.06"]
[SourceQuality "1"]
[WhiteTeam "Klinicni Center"]
[BlackTeam "Komenda Popotnik"]
[WhiteTeamCountry "SLO"]
[BlackTeamCountry "SLO"]

1. e4 c5 2. c3 d5 3. exd5 Qxd5 4. d4 Nf6 5. Nf3 e6 6. Be2 cxd4 7. cxd4 Nc6 8. Nc3 Qd6 9. 0-0 Be7 10. Nb5 Qd8 11. Bf4 Nd5 12. Bg3 0-0 13. Bc4 a6 14. Bxd5 axb5 15. Bb3 Qb6 16. d5 Rd8 17. d6 Bf6 18. Qc2 Bd7 19. Rfd1 Rac8 20. Qe4 Na5 21. Ne5 Nxb3 22. axb3 Bxe5 23. Bxe5 f6 24. Bd4 Qc6 25. Qe3 Qc2 26. Rac1 Qg6 27. Rc7 e5 28. Bb6 Bc6 29. Rxc6 bxc6 30. d7 Rxd7 0-1

[Event "SLO-chT2 West"]
[White "Aljancic, Martin"]
[Black "Ursic, Mateja"]
[Site "Ljubljana"]
[Round "9.3"]
[Result "1/2-1/2"]
[Date "2013.11.17"]
[WhiteElo "2144"]
[BlackElo "2094"]
[PlyCount "73"]
[EventDate "2013.11.08"]
[EventType "team"]
[EventRounds "9"]
[EventCountry "SLO"]
[SourceTitle "EXT 2015"]
[Source "ChessBase"]
[SourceDate "2014.11.20"]
[SourceVersion "1"]
[SourceVersionDate "2014.11.20"]
[SourceQuality "1"]
[WhiteTeam "Stari Mayr Kranj"]
[BlackTeam "Hidria Tolmin"]
[WhiteTeamCountry "SLO"]
[BlackTeamCountry "SLO"]

1. e4 e5 2. Nf3 Nc6 3. d4 exd4 4. Bc4 Nf6 5. e5 d5 6. Bb5 Ne4 7. Nxd4 Bc5 8. Be3 0-0 9. Nxc6 bxc6 10. Bxc5 Nxc5 11. Bxc6 Rb8 12. Qxd5 Qxd5 13. Bxd5 Rxb2 14. Na3 Bf5 15. 0-0-0 Rb4 16. Rhe1 Ne4 17. Bxe4 Bxe4 18. f3 Bf5 19. Nb1 Rfb8 20. Nc3 Kf8 21. Rd5 Rc4 22. Re3 Rb6 23. Ra5 Rbc6 24. Ra3 a6 25. g4 Bg6 26. Kb2 Ke7 27. Rb3 Ke6 28. Rb8 R6c5 29. a3 Rc6 30. Rb4 a5 31. Rb5 Rb6 32. a4 Rxb5+ 33. axb5 Rb4+ 34. Kc1 Rc4 35. h3 h6 36. Kb2 Rb4+ 37. Kc1 1/2-1/2

[Event "SLO-chT Central Superliga 14th"]
[White "Ursic, Mateja"]
[Black "Debevec, Blaz"]
[Site "Slovenia"]
[Round "6.2"]
[Result "0-1"]
[Date "2013.11.07"]
[WhiteElo "2094"]
[BlackElo "2113"]
[PlyCount "64"]
[EventDate "2013.09.19"]
[EventType "team-tourn"]
[EventRounds "9"]
[EventCountry "SLO"]
[SourceTitle "EXT 2022"]
[Source "ChessBase"]
[SourceDate "2021.10.06"]
[SourceVersion "1"]
[SourceVersionDate "2021.10.06"]
[SourceQuality "1"]
[WhiteTeam "Klinicni Center II"]
[BlackTeam "Komenda Popotnik"]
[WhiteTeamCountry "SLO"]
[BlackTeamCountry "SLO"]

1. e4 Nf6 2. Nc3 d5 3. exd5 Nxd5 4. Bc4 Nb6 5. Bb3 Nc6 6. Nf3 Bf5 7. d4 e6 8. Be3 Be7 9. h3 a5 10. a3 a4 11. Ba2 Bg6 12. 0-0 0-0 13. d5 Nxd5 14. Nxd5 exd5 15. Bxd5 Bxc2 16. Bxf7+ Rxf7 17. Qxc2 Qf8 18. Rad1 Kh8 19. Rd5 h6 20. Rb5 Re8 21. Rxb7 Rxf3 22. gxf3 Ne5 23. f4 Nf3+ 24. Kh1 Bd6 25. Qg6 Nh4 26. Qh5 Qe7 27. Qd5 Qd7 28. f5 Nxf5 29. Qb5 Qc8 30. Re1 Nd4 31. Qh5 Qxb7+ 32. f3 Qxf3+ 0-1

[Event "Ljubljana-chT 66th 1st League"]
[White "Butala, Marjan"]
[Black "Ursic, Mateja"]
[Site "Ljubljana"]
[Round "6.1"]
[Result "1/2-1/2"]
[Date "2013.02.21"]
[WhiteElo "2038"]
[BlackElo "2073"]
[PlyCount "149"]
[EventDate "2013.01.10"]
[EventType "team-tourn"]
[EventRounds "9"]
[EventCountry "SLO"]
[SourceTitle "EXT 2022"]
[Source "ChessBase"]
[SourceDate "2021.10.06"]
[SourceVersion "1"]
[SourceVersionDate "2021.10.06"]
[SourceQuality "1"]
[WhiteTeam "Ljubljana Karel Jeraj"]
[BlackTeam "Klinicni Center II"]
[WhiteTeamCountry "SLO"]
[BlackTeamCountry "SLO"]

1. c4 e5 2. Nc3 Nf6 3. Nf3 d6 4. g3 g6 5. Bg2 Bg7 6. d4 Nbd7 7. 0-0 0-0 8. e4 c6 9. h3 Qc7 10. Be3 Re8 11. d5 a6 12. Rc1 c5 13. a3 Kh8 14. Nh4 Nh5 15. Kh2 Qd8 16. Qd2 Rf8 17. Bh6 f5 18. exf5 gxf5 19. Bxg7+ Nxg7 20. Nf3 e4 21. Ng5 Ne5 22. Ncxe4 fxe4 23. Bxe4 Bf5 24. Bxf5 Qxg5 25. Qxg5 Nf3+ 26. Kg2 Nxg5 27. Bg4 Nf7 28. f4 Nh6 29. Be6 Nxe6 30. dxe6 Rae8 31. Rfe1 Rf6 32. Kf3 Nf5 33. g4 Nd4+ 34. Kg3 Rfxe6 35. Rxe6 Rxe6 36. Rb1 Re3+ 37. Kh4 Nf3+ 38. Kh5 Nd2 39. Rh1 Kg7 40. g5 Ne4 41. Rh2 Rf3 42. Kg4 Rf2 43. Rh1 Rxb2 44. Re1 Nf2+ 45. Kf5 Kf7 46. Re6 Nxh3 47. Rh6 Nxf4 48. Kxf4 b5 49. cxb5 axb5 50. Rxd6 c4 51. Rc6 Ra2 52. Rc5 Rb2 53. a4 bxa4 54. Rxc4 a3 55. Ra4 a2 56. Ra6 Rg2 57. Kf3 Rb2 58. Kf4 Ke7 59. Ke5 Kd7 60. Kd4 Kc7 61. Kc3 Rg2 62. Kb3 Kd7 63. Rxa2 Rxa2 64. Kxa2 Ke6 65. Kb2 Kf5 66. Kc2 Kxg5 67. Kd2 Kg4 68. Ke2 Kg3 69. Kf1 Kh2 70. Kf2 h5 71. Kf1 h4 72. Kf2 h3 73. Kf1 Kh1 74. Kf2 Kh2 75. Kf1 1/2-1/2